000 00712nam a2200229 i 4500
001 59113
003 ES-MaACL
005 20230906163952.0
007 t|
008 031027s1982 sp ||||1| spa d
100 1 _aEichmann, Adolf.
_946812
245 1 0 _aYo, Adolf Eichmann
_b: un testimonio histórico /
_cAdolf Eichmann ; recopilado por Rudolf Aschenauer ; [traducción por G. Raebel].
250 _a[1ª ed.].
260 _a[Barcelona] :
_bPlaneta,
_c[1982]
300 _a468 p. ;
_c21 cm.
490 1 _aDocumento ;
_v80
700 1 _aAschenauer, Rudolf.
_923540
700 1 _aRaebel, G.
_994944
830 0 _aDocumento ;
_v80
_9177347
852 _aES-MaACL
_jL-2650
_bR.103630
999 _c59113
_d59113